| 000 | 01500cam a22003131i 4500 | ||
|---|---|---|---|
| 003 | SA-RiAUC | ||
| 005 | 20250411105535.0 | ||
| 008 | 250410s2012____su o f b f00000 ara c | ||
| 020 | _a9786030000647 | ||
| 040 |
_aOM-MoMPL _bara _cSA-RiAUC _erda |
||
| 043 | _aa-su--- | ||
| 082 | 0 | 4 |
_a027.453121 _qSA-RiAUC |
| 090 |
_a027.453121 _b ا ب و س |
||
| 100 | 1 |
_aأبو سليمان، عبد الوهاب إبراهيم محمد، _d1355-1444 هجري _eمؤلف. |
|
| 245 | 1 | 0 |
_aمكتبة مكة المكرمة قديما وحديثا : _bدراسة موجزة لموقعها وتاريخها وأدواتها ومجموعاتها / _cتأليف عبد الوهاب إبراهيم أبو سليمان. |
| 250 | _aالطبعة الثانية. | ||
| 264 | 1 |
_aالرياض : _bمكتبة الملك فهد الوطنية، _c2012 |
|
| 300 |
_a463 صفحة : _bصور ؛ _c24 سم. |
||
| 336 |
_aنص _btxt _2rdacontent _3كتاب |
||
| 337 |
_aبدون وسيط _bn _2rdamedia |
||
| 338 |
_aمجلد _bnc _2rdacarrier |
||
| 490 | 0 |
_aمطبوعات مكتبة الملك فهد الوطنية ؛ _vالسلسلة الأولى ؛ _v20 |
|
| 504 | _aببليوجرافية : صفحة 437-447. | ||
| 610 | 2 | 7 |
_aمكتبة مكة المكرمة _2aucnm |
| 650 | 7 |
_aالمكتبات العامة _zمكة المكرمة _2aucsh |
|
| 830 | 0 |
_aمطبوعات مكتبة الملك فهد الوطنية. _nالسلسلة الأولى _v20 |
|
| 942 |
_2ddc _cBOOK _n0 |
||
| 949 |
_aSA-JeALM _d250410 _uosman123 _n1 |
||
| 999 |
_c6863 _d6863 |
||